• 首页
  • 本馆介绍
  • 公告通知
  • 最新文献
  • 馆藏检索
  • 电子资源
  • 读者导购
  • 参考咨询
  • 我的图书馆
  • 登录
  • 详细信息显示
  • 放入我的书架
  • 预约/预借图书
  • 作者相关作品
  • 分类相关作品
  • 丛书相关作品
  • 出版社相关作品

书目信息

  • 表格格式
  • 工作单格式
  • 卡片格式
题名:
文学理论
    
 
作者: 郑国铨 编著
分册:  
出版信息: 北京   中国人民大学出版社  1981
页数: 555页
开本: 21cm
丛书名:
单 册:
中图分类: I0
科图分类:
主题词: 文学理论
电子资源:
ISBN:
000 00602nam0 2200229 45
001 0181005635
005 20060913111908.81
010    @dCNY1.75
091    @a10011.30
100    @a19950127d1981 em y0chiy0121 ea
101 0  @achi
102    @aCN@b110000
105    @ay z 000yy
200 10 @a文学理论@Awen xue li lun@f郑国铨等编著@FZheng Guo Quan Deng Bian Zhu
210    @a北京@c中国人民大学出版社@d1981
215    @a555页@d21cm
606 0  @a文学理论
690    @aI0@v3
701  0 @a郑国铨@4编著
801  2 @aCN@bNLC@c20060913
801  0 @aCN@b上海图书馆@c20060911
905    @dI0@e18@b51457@f1
    
    文学理论/郑国铨等编著.-北京:中国人民大学出版社,1981
    555页;21cm
    
    
    ISBN :CNY1.75
    
●
相关链接 在E读中查询图书 在五车中查询图书 在当当中查询图书 在豆瓣中查询图书


正题名:文学理论     索取号:I0/18         预约/预借

序号 登录号 条形码 馆藏地/架位号 状态 备注
1 0051453   202218402   密集书库/ [索取号:I0/18] 在馆    
2 0051454   000840674   第二借阅区/ [索取号:I0/18] 在馆    
3 0051456   000840718   第二借阅区/ [索取号:I0/18] 在馆    
4 0051457   002038841   第二借阅区/ [索取号:I0/18] 在馆    
5 0080693   202218484   密集书库/ [索取号:I0/18] 在馆    
6 0080694   002020618   第二借阅区/ [索取号:I0/18] 在馆    
7 0080695   000840709   第一样本阅览室/ [索取号:I0/18] 在馆    
8 0080696   202218448   密集书库/ [索取号:I0/18] 在馆    
9 0080697   202218527   密集书库/ [索取号:I0/18] 在馆    
10 0475385   204753855   密集书库/ [索取号:I0/18] 在馆    
11 0475386   204753864   密集书库/ [索取号:I0/18] 在馆    
12 0475544   204755443   密集书库/ [索取号:I0/18] 在馆    
唐山师范学院图书馆 欢迎您!
大连网信软件有限公司© 版权所有